[Event "Targu Mures ROM, Men Ch 2014"]
[Site "Targu Mures ROM"]
[Date "2014.04.29"]
[Round "5.35"]
[White "Jugaru, Lucian"]
[Black "Duma, Ioan-Gheorghe"]
[Result "1-0"]
[WhiteElo "1917"]
[BlackElo "1771"]
[PlyCount "99"]
[EventDate "2014.04.26"]
[EventType "swiss"]
[EventRounds "11"]
[EventCountry "ROM"]
[Source "Chess Mix"]

1. e4 c5 2. Nf3 d6 3. d4 cxd4 4. Nxd4 Nf6 5. Nc3 a6 6. a4 Nc6 7. Be2 Nxd4 8.
Qxd4 e5 9. Qd3 Be6 10. Nd5 Nxd5 11. exd5 Qa5+ 12. Bd2 Qxd5 13. Qg3 Qe4 14. Qf3
Bd5 15. O-O Rc8 16. Bc3 Be7 17. Rfe1 Qxf3 18. gxf3 Bc4 19. f4 Bxe2 20. Rxe2 f6
21. fxe5 dxe5 22. f4 Bc5+ 23. Kg2 Kf7 24. fxe5 Rhe8 25. Rae1 Re6 26. exf6 Rxe2+
27. Rxe2 gxf6 28. Kf3 Rc6 29. Bd2 Re6 30. Rg2 Re5 31. b4 Bd6 32. h4 Rh5 33. Rg4
Rf5+ 34. Ke2 h5 35. Rd4 Ke6 36. c4 b6 37. Be1 Re5+ 38. Kd1 Rf5 39. Rd3 Rf1 40.
Ke2 Rf5 41. Rb3 Re5+ 42. Kd1 Re4 43. a5 Rxc4 44. axb6 f5 45. b7 Kd5 46. Ra3 Rg4
47. Rxa6 Rg8 48. Rxd6+ Kxd6 49. Bg3+ Kd5 50. b8=Q 1-0

[Event "Ch Romania"]
[Site "Targu Mures (Romania)"]
[Date "2014.04.28"]
[Round "4"]
[White "Dragomirescu, Calin"]
[Black "Jugaru, Lucian"]
[Result "1-0"]
[WhiteElo "2174"]
[BlackElo "1917"]
[PlyCount "65"]
[EventDate "2014.??.??"]

1. d4 Nf6 2. c4 e6 3. Nf3 d5 4. g3 Be7 5. Bg2 O-O 6. O-O dxc4 7. Ne5 c5 8. dxc5
Qc7 9. Nxc4 Bxc5 10. Nba3 Bxa3 11. Nxa3 Bd7 12. Bf4 e5 13. Bg5 Bc6 14. Rc1 Qd7
15. Nc4 Bxg2 16. Kxg2 Nc6 17. Qd6 Qxd6 18. Nxd6 Nd4 19. e3 Ne6 20. Bxf6 gxf6
21. Rfd1 b6 22. Nb5 Rfd8 23. Rxd8+ Rxd8 24. Nxa7 Rd2 25. Rb1 Nc5 26. b4 Nd3 27.
a4 Rxf2+ 28. Kg1 Ra2 29. Nc8 Rxa4 30. b5 Ra2 31. Nxb6 e4 32. Nd7 Kg7 33. b6 1-0

[Event "Ch Romania"]
[Site "Targu Mures (Romania)"]
[Date "2014.04.27"]
[Round "2"]
[White "Balea, Dumitru Lucian"]
[Black "Jugaru, Lucian"]
[Result "0-1"]
[WhiteElo "1575"]
[BlackElo "1917"]
[PlyCount "142"]
[EventDate "2014.??.??"]

1. d4 Nf6 2. Nf3 d5 3. Bf4 Bg4 4. e3 e6 5. Be2 Bd6 6. Bxd6 cxd6 7. Nh4 Bxe2 8.
Qxe2 O-O 9. O-O Nc6 10. Nf3 Qc7 11. Nbd2 a6 12. Rfc1 b5 13. c3 Rfe8 14. a4 bxa4
15. Rxa4 a5 16. Rca1 Ra7 17. b4 Ne4 18. Qd3 Nxd2 19. Qxd2 Rb8 20. g3 Rab7 21.
Rb1 Qd7 22. Kg2 h6 23. h3 g5 24. Ne1 Kg7 25. Nd3 Nxb4 26. Rxa5 Nc6 27. Rxb7
Qxb7 28. Ra1 Qb3 29. Ra2 Rc8 30. Qc2 Na5 31. Qxb3 Nxb3 32. Rc2 Na5 33. Nb2 f5
34. f4 Kf6 35. Kf3 e5 36. Rc1 exd4 37. exd4 Nb3 38. Rd1 Rxc3+ 39. Rd3 Nxd4+ 40.
Ke3 Nb5 41. Nd1 d4+ 42. Kd2 Rc8 43. Rb3 Nc3 44. Nxc3 dxc3+ 45. Rxc3 Rxc3 46.
Kxc3 gxf4 47. gxf4 Kg6 48. Kd4 Kh5 49. Kd5 Kh4 50. Ke6 Kxh3 51. Kxf5 Kg3 52.
Ke4 d5+ 53. Ke5 d4 54. f5 d3 55. f6 d2 56. f7 d1=Q 57. f8=Q Qe2+ 58. Kd6 Qd3+
59. Kc7 Qc4+ 60. Kb6 h5 61. Qd6+ Qf4 62. Qd3+ Qf3 63. Qg6+ Kh3 64. Qe6+ Kg2 65.
Qg8+ Kh1 66. Qg5 Qf2+ 67. Kb5 h4 68. Qc1+ Kh2 69. Qc7+ Kg1 70. Qg7+ Kf1 71. Qg4
Qe2+ 0-1

[Event "Ch Romania"]
[Site "Targu Mures (Romania)"]
[Date "2014.04.27"]
[Round "3"]
[White "Jugaru, Lucian"]
[Black "Daianu, Cristian Clement"]
[Result "1/2-1/2"]
[WhiteElo "1917"]
[BlackElo "2203"]
[PlyCount "82"]
[EventDate "2014.??.??"]

1. Nf3 Nf6 2. g3 g6 3. Bg2 d5 4. d3 Bg7 5. O-O O-O 6. Nbd2 c5 7. e4 Nc6 8. Re1
dxe4 9. dxe4 Be6 10. c3 h6 11. Qe2 Qc8 12. a4 b6 13. Nc4 Qa6 14. Nfd2 Rad8 15.
f4 Qc8 16. Ne3 Na5 17. Qf1 Nb3 18. Nxb3 Bxb3 19. f5 e5 20. Ra3 c4 21. fxg6 fxg6
22. Bh3 Qc6 23. Qg2 Kh7 24. Ng4 Bd1 25. Ne3 Bb3 26. Ng4 Nxe4 27. Ra1 Qc5+ 28.
Be3 Qd5 29. Bxh6 Bxh6 30. Qxe4 Qxe4 31. Rxe4 Bg7 32. Nxe5 Bxe5 33. Rxe5 Rd2 34.
Re7+ Kh6 35. Rf1 Rxf1+ 36. Bxf1 Rxb2 37. Rxa7 Rc2 38. Ra6 Rxc3 39. Rxb6 Bxa4
40. Kf2 Rc2+ 41. Be2 Bd7 1/2-1/2

[Event "Ch Romania"]
[Site "Targu Mures (Romania)"]
[Date "2014.04.26"]
[Round "1"]
[White "Jugaru, Lucian"]
[Black "Dragomirescu, Robin Alexandru"]
[Result "0-1"]
[WhiteElo "1917"]
[BlackElo "2343"]
[PlyCount "34"]
[EventDate "2014.??.??"]

1. Nf3 Nf6 2. d4 g6 3. Bg5 Bg7 4. Nbd2 d5 5. e3 O-O 6. Bd3 c5 7. c3 Nc6 8. Ne5
Nxe5 9. dxe5 Ng4 10. f4 f6 11. Bh4 c4 12. h3 Nxe3 13. Qf3 Qb6 14. Bf2 Qxb2 15.
Rb1 Qxc3 16. Bxg6 d4 17. Be4 fxe5 0-1

[Event "Gresu"]
[Site "?"]
[Date "2013.09.15"]
[Round "6.14"]
[White "Jugaru, Lucian"]
[Black "Didiliuc, Dariana Gabriela"]
[Result "0-1"]
[WhiteElo "1945"]
[BlackElo "1648"]
[Annotator "Anuta Laurentiu"]
[PlyCount "72"]
[EventDate "2013.09.18"]

1. Nf3 d5 2. g3 Nf6 3. Bg2 e6 4. d3 Be7 5. O-O O-O 6. Nbd2 c6 7. e4 dxe4 8.
dxe4 Nbd7 9. Re1 e5 10. a4 a5 11. c3 b5 12. axb5 cxb5 13. b3 Qc7 14. Bb2 Nc5
15. Bf1 Bd7 16. c4 bxc4 17. Bxe5 Qb7 18. Bxc4 Bg4 19. Bxf6 Bxf6 20. Bd5 Qb4 21.
Bxa8 Bxa1 22. Qxa1 Bxf3 23. Nxf3 Nxb3 24. Qe5 Rxa8 25. Rb1 a4 26. Qd5 Rc8 27.
Ne5 Qe7 28. Nc4 Rd8 29. Qb5 Qxe4 30. Na3 Nd2 31. Qb4 Nf3+ 32. Kf1 Nxh2+ 33. Kg1
Nf3+ 34. Kf1 Qd3+ 35. Kg2 Nd2 36. Rb2 Qf1+ 0-1

[Event "FISCA Open D 2013"]
[Site "Cap Aurora ROU"]
[Date "2013.06.23"]
[Round "2.10"]
[White "Jugaru, Lucian"]
[Black "Sandu, Mihaela"]
[Result "0-1"]
[WhiteElo "1936"]
[BlackElo "2237"]
[PlyCount "76"]
[EventDate "2013.06.22"]

1. e4 c5 2. Nf3 d6 3. d4 cxd4 4. Nxd4 Nf6 5. Nc3 a6 6. a4 g6 7. Be2 Bg7 8. Be3
O-O 9. O-O Nc6 10. Kh1 Bd7 11. f4 Rc8 12. Nb3 Be6 13. f5 Bd7 14. a5 Ne5 15. Bb6
Qe8 16. Nd4 Rxc3 17. bxc3 Nxe4 18. Ra3 Qc8 19. fxg6 hxg6 20. Qe1 d5 21. Bd3 Nc4
22. Bxc4 Qxc4 23. Rf3 e5 24. Ne2 Bg4 25. Rd3 Nd6 26. Ng1 Bf5 27. Re3 Bxc2 28.
Nf3 Be4 29. Nd2 Qc6 30. Rh3 Bf5 31. Re3 Nb5 32. Rb3 e4 33. Qh4 Rc8 34. g4 Be6
35. Rh3 d4 36. Qh7+ Kf8 37. Kg1 dxc3 38. Bc5+ Qxc5+ 0-1

[Event "Campionatul National individual  de sen"]
[Site "Olanesti"]
[Date "2013.02.24"]
[Round "11.47"]
[White "Jugaru, Lucian"]
[Black "Rusu, Gheorghe"]
[Result "1-0"]
[WhiteElo "1941"]
[BlackElo "1683"]
[PlyCount "75"]
[EventDate "2013.02.16"]
[EventRounds "9"]

1. e4 e5 2. Nf3 d6 3. Bc4 h6 4. O-O Nf6 5. Re1 Be7 6. c3 O-O 7. d4 Bg4 8. Nbd2
Nbd7 9. h3 Bh5 10. b4 c6 11. Bb3 a5 12. Bb2 b5 13. a4 axb4 14. cxb4 bxa4 15.
Bxa4 Qb6 16. Qb3 Rab8 17. dxe5 dxe5 18. Nxe5 Nxe5 19. Bxe5 Rb7 20. Bc3 c5 21.
b5 Nh7 22. Qc2 Ng5 23. Nc4 Qd8 24. Na5 Rd7 25. b6 Rd3 26. Nc6 Rxc3 27. Nxe7+
Qxe7 28. Qxc3 Ne6 29. Bc6 Nd4 30. Bd5 Ne2+ 31. Rxe2 Bxe2 32. b7 Rb8 33. Ra8 Qc7
34. Rxb8+ Qxb8 35. Qxc5 Ba6 36. Qe7 Kh8 37. Qxf7 Qd8 38. Qg8+ 1-0

[Event "Campionatul National individual  de sen"]
[Site "Olanesti"]
[Date "2013.02.23"]
[Round "10.44"]
[White "Coman, Liviu"]
[Black "Jugaru, Lucian"]
[Result "1-0"]
[WhiteElo "1798"]
[BlackElo "1941"]
[PlyCount "87"]
[EventDate "2013.02.16"]
[EventRounds "9"]

1. e4 c5 2. Nf3 d6 3. d4 cxd4 4. Nxd4 Nf6 5. Nc3 a6 6. Bc4 e6 7. f3 b5 8. Bb3
b4 9. Nce2 Bb7 10. Be3 Nbd7 11. Qd2 d5 12. exd5 Nxd5 13. O-O-O N7b6 14. Rhe1
Be7 15. Nf4 Nxf4 16. Bxf4 O-O 17. Qe2 Bd5 18. Nc6 Qd7 19. Nxe7+ Qxe7 20. Bxd5
Nxd5 21. Rxd5 Qf6 22. Be5 Qh6+ 23. Rd2 a5 24. Qe3 Qh4 25. Rd4 Qh5 26. Rg4 f6
27. Bd6 Rfe8 28. Qc5 e5 29. h3 Rec8 30. Qd5+ Kh8 31. Rd1 Qf5 32. Rd2 Rd8 33.
Rgd4 b3 34. axb3 Qd7 35. R4d3 Qe8 36. c4 a4 37. Qb5 Qe6 38. bxa4 e4 39. fxe4
Qxe4 40. b3 Qe1+ 41. Kb2 Qf1 42. c5 Re8 43. Rc3 Qg1 44. Bg3 1-0

[Event "Campionatul National individual  de sen"]
[Site "Olanesti"]
[Date "2013.02.22"]
[Round "9.40"]
[White "Jugaru, Lucian"]
[Black "Vasiliu, Cosmin"]
[Result "0-1"]
[WhiteElo "1941"]
[BlackElo "1778"]
[PlyCount "102"]
[EventDate "2013.02.16"]
[EventRounds "9"]

1. e4 c5 2. Nf3 d6 3. d4 cxd4 4. Nxd4 Nf6 5. Nc3 a6 6. a4 g6 7. Be2 Bg7 8. Be3
Nc6 9. O-O O-O 10. Kh1 Bd7 11. f4 Qb6 12. Qd2 Nxe4 13. Nxc6 Qxc6 14. Nxe4 Qxe4
15. Bf3 Qc4 16. Bxb7 Rab8 17. Bd5 Qb4 18. Qf2 Bxb2 19. Ra2 Qa5 20. Bb3 Bf6 21.
Rd1 Be6 22. Rd3 Bf5 23. Bd2 Qb6 24. Qxb6 Rxb6 25. Re3 Be6 26. h3 Rfb8 27. Bxe6
fxe6 28. Bc3 Kf7 29. g4 Rc6 30. Bxf6 exf6 31. Rb3 Rxb3 32. cxb3 Rc3 33. b4
Rxh3+ 34. Kg2 Rb3 35. b5 axb5 36. a5 Rc3 37. Rb2 Rc5 38. Kf3 g5 39. fxg5 fxg5
40. a6 Rc6 41. Ra2 Rc8 42. Ke3 Kg6 43. Kd3 h5 44. gxh5+ Kxh5 45. Rc2 Ra8 46.
Rc6 g4 47. Rxd6 g3 48. Ke2 Rf8 49. a7 g2 50. Rd1 Kg4 51. Ra1 Kh3 0-1

[Event "Campionatul National individual  de sen"]
[Site "Olanesti"]
[Date "2013.02.21"]
[Round "8.31"]
[White "Giurumia, Sorin"]
[Black "Jugaru, Lucian"]
[Result "1-0"]
[WhiteElo "2124"]
[BlackElo "1941"]
[PlyCount "164"]
[EventDate "2013.02.16"]
[EventRounds "9"]

1. c4 Nf6 2. Nc3 g6 3. g3 Bg7 4. Bg2 d6 5. Nf3 O-O 6. O-O a6 7. Rb1 Bf5 8. d3
c5 9. b4 Nfd7 10. Nd5 Nc6 11. bxc5 Nxc5 12. Nb6 Rb8 13. Nh4 Bc8 14. Nxc8 Qxc8
15. Be3 b5 16. cxb5 axb5 17. d4 Na4 18. Rc1 Nb2 19. Rxc6 Nxd1 20. Rxc8 Rfxc8
21. Rxd1 Rc2 22. Bd5 e6 23. Bb3 Rc6 24. Nf3 d5 25. Ne5 Bxe5 26. dxe5 Kg7 27.
Rd4 Rb7 28. Rb4 Rcc7 29. Kf1 Kg8 30. Ke1 Kg7 31. Kd2 h6 32. h4 h5 33. Bg5 Kg8
34. g4 hxg4 35. Rxg4 Kf8 36. Bd8 Rc8 37. Ba5 Ke7 38. Kd3 Kd7 39. Bd2 Rh8 40.
Kc3 Rc8+ 41. Kb4 Rh8 42. Bg5 Rc8 43. Rg1 Ke8 44. Bf6 Kd7 45. Rh1 Ke8 46. Rd1
Rcb8 47. Rc1 Kd7 48. Rc5 Rb6 49. Bg5 R6b7 50. f4 Rb6 51. Bf6 R6b7 52. f5 Rb6
53. fxg6 fxg6 54. Rc3 Ke8 55. Rg3 Kf7 56. Bc2 Rg8 57. Rc3 Rb7 58. Bd3 Ra8 59.
Kb3 Rba7 60. Kb4 Rb7 61. Ra3 Rxa3 62. Kxa3 Ra7+ 63. Kb3 b4 64. Bb1 Ra8 65. Bg5
Rh8 66. Bd3 Ra8 67. Bd2 Ra6 68. Kb2 Ra4 69. Be1 Kg7 70. Bc2 Ra3 71. Bb3 Ra8 72.
Bxb4 Kf7 73. Bd2 d4 74. a4 Rc8 75. a5 Rh8 76. Bg5 Ra8 77. Bd2 Rh8 78. Be1 Ke7
79. Bc2 Rb8+ 80. Ka3 Kf7 81. Bd3 Rc8 82. a6 Rc1 1-0

[Event "Campionatul National individual  de sen"]
[Site "Olanesti"]
[Date "2013.02.21"]
[Round "7.41"]
[White "Jugaru, Lucian"]
[Black "Albescu, Nicolae"]
[Result "1-0"]
[WhiteElo "1941"]
[BlackElo "1828"]
[PlyCount "67"]
[EventDate "2013.02.16"]
[EventRounds "9"]

1. d4 c5 2. d5 g6 3. c4 b5 4. e4 Bg7 5. Nf3 d6 6. Nc3 Nf6 7. cxb5 a6 8. bxa6
O-O 9. Bd2 Qb6 10. Qc2 Nxa6 11. Be2 Nb4 12. Qb1 e6 13. a3 exd5 14. axb4 Rxa1
15. Qxa1 dxe4 16. bxc5 Qxc5 17. Be3 Qb4 18. Nd2 d5 19. Qa3 Qb8 20. Nb3 Re8 21.
Nd4 Bd7 22. h3 Bf8 23. Qb3 Qc8 24. Ncb5 Bxb5 25. Nxb5 Nd7 26. Bd4 Qd8 27. O-O
Bc5 28. Qe3 Qe7 29. Nc7 Rc8 30. Nxd5 Qd6 31. Bxc5 Rxc5 32. Nc3 f5 33. Rd1 Qc7
34. Rxd7 1-0

[Event "Campionatul National individual  de sen"]
[Site "Olanesti"]
[Date "2013.02.20"]
[Round "6.32"]
[White "Ifrim, Silviu"]
[Black "Jugaru, Lucian"]
[Result "1-0"]
[WhiteElo "2138"]
[BlackElo "1941"]
[PlyCount "91"]
[EventDate "2013.02.16"]
[EventRounds "9"]

1. e4 c5 2. Nf3 d6 3. d4 cxd4 4. Nxd4 Nf6 5. Nc3 a6 6. Bc4 e6 7. Bb3 Nbd7 8.
Bg5 Nc5 9. f4 Nxb3 10. axb3 h6 11. Bxf6 gxf6 12. Qh5 e5 13. Nf5 exf4 14. O-O-O
Be6 15. Rhe1 Qd7 16. Nd5 Bxd5 17. Rxd5 O-O-O 18. Qh4 Rg8 19. Re2 f3 20. gxf3
Rg1+ 21. Re1 Rxe1+ 22. Qxe1 Qc7 23. Qe3 Kb8 24. c3 b5 25. Qd4 Qa7 26. Qxf6 Qg1+
27. Rd1 Qg5+ 28. Qxg5 hxg5 29. Rd5 Kc7 30. c4 b4 31. Kd2 Re8 32. Ke3 Re6 33.
Kf2 Rg6 34. Kg3 Bg7 35. Nxg7 Rxg7 36. Kg4 Rh7 37. Rd2 f6 38. Kf5 Rh6 39. Ke6
Rh3 40. Rf2 g4 41. fxg4 Rxb3 42. Kxf6 a5 43. g5 a4 44. g6 a3 45. bxa3 bxa3 46.
Ra2 1-0

[Event "Campionatul National individual  de sen"]
[Site "Olanesti"]
[Date "2013.02.19"]
[Round "5.17"]
[White "Vasilescu, Lucian-Mihail"]
[Black "Jugaru, Lucian"]
[Result "1-0"]
[WhiteElo "2279"]
[BlackElo "1941"]
[PlyCount "129"]
[EventDate "2013.02.16"]
[EventRounds "9"]

1. g3 Nf6 2. Bg2 d6 3. e4 g6 4. Ne2 Bg7 5. O-O O-O 6. c4 c5 7. Nbc3 Nc6 8. d3
Bg4 9. f3 Bd7 10. Be3 a6 11. a4 Ne8 12. Rb1 Nc7 13. d4 cxd4 14. Nxd4 Nxd4 15.
Bxd4 Bxd4+ 16. Qxd4 b5 17. cxb5 axb5 18. axb5 Nxb5 19. Nxb5 Bxb5 20. Rf2 Qc7
21. Qd2 Qb6 22. h4 h5 23. f4 Qa5 24. b4 Qa3 25. Kh2 Qd3 26. Qxd3 Bxd3 27. Rd1
Bb5 28. e5 Ra6 29. exd6 Rxd6 30. Rxd6 exd6 31. f5 Kg7 32. Bd5 f6 33. Rc2 Rd8
34. Rc7+ Rd7 35. Rc8 gxf5 36. Rb8 Bd3 37. Bf3 Be4 38. Bxh5 d5 39. Kg1 d4 40.
Kf2 d3 41. Bd1 Ra7 42. Ke3 Ra1 43. Kd2 Ra2+ 44. Kc3 Rg2 45. b5 Rxg3 46. b6 Rh3
47. b7 Bxb7 48. Rxb7+ Kg6 49. Rb4 Re3 50. Rf4 Re4 51. h5+ Kg5 52. Rf1 Re3 53.
Rg1+ Kh6 54. Rg6+ Kh7 55. Rxf6 Re1 56. Bf3 Re5 57. Kxd3 Ra5 58. Ke3 Kg7 59.
Rg6+ Kh7 60. Kf4 Rc5 61. Ra6 Rb5 62. Kg5 Rc5 63. Ra7+ Kh8 64. Kg6 Rc8 65. Bd5
1-0

[Event "Campionatul National individual  de sen"]
[Site "Olanesti"]
[Date "2013.02.18"]
[Round "4.31"]
[White "Jugaru, Lucian"]
[Black "Miulescu, Gabriel"]
[Result "1-0"]
[WhiteElo "1941"]
[BlackElo "2161"]
[PlyCount "144"]
[EventDate "2013.02.16"]
[EventRounds "9"]

1. e4 c5 2. Nf3 e6 3. d4 cxd4 4. Nxd4 Nc6 5. Be2 a6 6. Nc3 Qc7 7. Be3 Nf6 8.
O-O Bb4 9. f3 O-O 10. Nb3 b6 11. Qe1 d5 12. Qf2 Rb8 13. exd5 Bxc3 14. d6 Qxd6
15. bxc3 Nd5 16. Bd2 Nf4 17. Bd1 Ne7 18. Qd4 Nfd5 19. c4 e5 20. Qf2 Nf6 21. c5
bxc5 22. Nxc5 Rd8 23. Ba5 Rf8 24. Ne4 Nxe4 25. fxe4 Be6 26. Be2 Rfc8 27. Bd3
Qa3 28. Bd2 a5 29. Qg3 Ng6 30. Bc1 Qe7 31. Bg5 f6 32. Bd2 Qa3 33. Bc1 Qc3 34.
Be3 a4 35. h4 Rf8 36. h5 Nh8 37. Bh6 Rb7 38. Rab1 Qc7 39. Rxb7 Qxb7 40. a3 Rf7
41. Bd2 Qd7 42. Rb1 Rf8 43. Bh6 Rc8 44. Rb6 g5 45. Bxg5 fxg5 46. Qxg5+ Kf7 47.
Qxe5 Rd8 48. Qf4+ Ke7 49. Qg5+ Kf7 50. Rb1 Qd4+ 51. Kh1 Rd7 52. Rb8 Qa1+ 53.
Kh2 Qg7 54. Qf4+ Ke7 55. Qh4+ Kf7 56. Qf2+ Ke7 57. Qh4+ Kf7 58. Rb1 Qe5+ 59.
Kh1 Kg7 60. Rb5 Qa1+ 61. Kh2 Nf7 62. h6+ Kg6 63. e5+ Rxd3 64. Qf6+ Kh5 65. cxd3
Ng5 66. Rb4 Qe1 67. Qf4 Kxh6 68. Rb6 Kh5 69. Rxe6 Nxe6 70. Qf7+ Kh4 71. Qxh7+
Kg5 72. Qh3 Kf4 {indescifrabil-(79 mutari)} 1-0

[Event "Romanian Championship"]
[Site "?"]
[Date "2013.02.18"]
[Round "?"]
[White "Jugaru, Lucian"]
[Black "Siclovan, Cristian-Daniel"]
[Result "1/2-1/2"]
[WhiteElo "1941"]
[BlackElo "2174"]
[PlyCount "55"]
[EventDate "2013.??.??"]

1. d4 Nf6 2. c4 e6 3. Nc3 d5 4. e3 Be7 5. Nf3 Nbd7 6. b3 b6 7. cxd5 exd5 8. Bd3
Bb7 9. Qc2 c5 10. O-O Rc8 11. Bb2 O-O 12. Rac1 g6 13. Rfd1 Re8 14. Qb1 Bd6 15.
Ne2 Qe7 16. Ng3 Rc7 17. Qa1 a6 18. dxc5 bxc5 19. Bf5 Bxg3 20. Bxd7 Bxf2+ 21.
Kxf2 Qxe3+ 22. Kf1 Ne4 23. Rc2 Rxd7 24. Bc1 Nd2+ 25. Rdxd2 a5 26. Rf2 Qe4 27.
Bh6 d4 28. Qc1 1/2-1/2

[Event "Campionatul National individual  de sen"]
[Site "Olanesti"]
[Date "2013.02.17"]
[Round "2.47"]
[White "Ciortan, Mihail"]
[Black "Jugaru, Lucian"]
[Result "0-1"]
[WhiteElo "1708"]
[BlackElo "1941"]
[PlyCount "78"]
[EventDate "2013.02.16"]
[EventRounds "9"]

1. b3 e5 2. Bb2 Nc6 3. c4 Nf6 4. Nf3 e4 5. Nd4 Bc5 6. Nxc6 dxc6 7. e3 O-O 8.
Be2 Bf5 9. Qc2 Re8 10. Nc3 Qe7 11. O-O-O a6 12. d4 exd3 13. Bxd3 Bxd3 14. Rxd3
b5 15. h4 bxc4 16. bxc4 Rab8 17. Na4 Bd6 18. f4 Ne4 19. a3 f5 20. h5 h6 21. Rh3
Qf7 22. Bd4 Bf8 23. Rb3 Red8 24. Kb2 c5 25. Be5 Rxb3+ 26. Qxb3 Nd2 27. Qc3
Nxc4+ 28. Kc1 Qd5 29. Nb2 Nxb2 30. Kxb2 Qxg2+ 31. Kb3 Rb8+ 32. Kc4 Qxh3 33.
Bxc7 Qf1+ 34. Kd5 Qf3+ 35. Ke6 Qe4+ 36. Be5 Re8+ 37. Kd7 Re7+ 38. Kd8 Qa8+ 39.
Bb8 Qxb8# 0-1

[Event "Campionatul National individual  de sen"]
[Site "Olanesti"]
[Date "2013.02.16"]
[Round "1.14"]
[White "Jugaru, Lucian"]
[Black "Grecescu, Gabriel Andrei"]
[Result "0-1"]
[WhiteElo "1941"]
[BlackElo "2391"]
[PlyCount "88"]
[EventDate "2013.02.16"]
[EventRounds "9"]

1. e4 c5 2. Nf3 Nc6 3. d4 cxd4 4. Nxd4 g6 5. Nc3 Bg7 6. Be3 Nf6 7. Be2 O-O 8.
O-O d5 9. exd5 Nb4 10. Qd2 Nbxd5 11. Nxd5 Nxd5 12. Bh6 e5 13. Nf3 Nf4 14. Bxf4
exf4 15. Qxd8 Rxd8 16. c3 Be6 17. Rfd1 Rxd1+ 18. Bxd1 b5 19. Bb3 Rd8 20. Bxe6
fxe6 21. Ng5 Rd2 22. Nxe6 Rxb2 23. Nxg7 Kxg7 24. a4 b4 25. cxb4 Rxb4 26. a5 Kf6
27. Kf1 Rb5 28. Ke2 g5 29. a6 g4 30. h4 Rb2+ 31. Kf1 Rb5 32. Ra4 Kf5 33. Ke2
Re5+ 34. Kf1 f3 35. g3 h5 36. Ra1 Ke6 37. Re1 Rxe1+ 38. Kxe1 Kd6 39. Kd2 Kc6
40. Ke3 Kb6 41. Kf4 Kxa6 42. Kg5 Kb5 43. Kxh5 a5 44. Kxg4 a4 0-1

[Event "PAB Romania Open"]
[Site "?"]
[Date "2012.08.01"]
[Round "?"]
[White "Jugaru, Lucian"]
[Black "Rujan, Rodel-Marinel"]
[Result "0-1"]
[WhiteElo "1998"]
[BlackElo "1792"]
[PlyCount "138"]
[EventDate "2012.??.??"]

1. Nf3 d6 2. g3 e5 3. d3 f5 4. Bg2 Nf6 5. Nbd2 Be7 6. O-O O-O 7. e4 f4 8. c3
Qe8 9. d4 Nc6 10. b4 a6 11. dxe5 dxe5 12. Nc4 Qh5 13. Nfxe5 Nxe5 14. Qxh5 Nxh5
15. Nxe5 fxg3 16. hxg3 Bf6 17. Nc4 Bxc3 18. Rb1 Be6 19. Bd2 Bxd2 20. Nxd2 Bxa2
21. Rb2 Be6 22. Nb3 Bxb3 23. Rxb3 Rad8 24. e5 c6 25. Bf3 g6 26. Bxh5 gxh5 27.
f4 Rf5 28. Kg2 Kg7 29. Kf3 Rd4 30. Ke3 Rd5 31. Rh1 Kg6 32. Ke4 Rf7 33. Rh4 Rfd7
34. g4 Rd4+ 35. Ke3 hxg4 36. e6 R7d6 37. e7 Kf7 38. Rxh7+ Ke8 39. f5 R4d5 40.
Kf4 Rf6 41. Re3 Rfxf5+ 42. Kxg4 Rfe5 43. Rh8+ Kxe7 44. Rxe5+ Rxe5 45. Rh7+ Kd6
46. Rxb7 Rb5 47. Ra7 Rxb4+ 48. Kf3 Ra4 49. Ke3 Kd5 50. Kd3 Ra3+ 51. Kc2 Kc4 52.
Kb2 Ra4 53. Rc7 c5 54. Rc8 a5 55. Ra8 Rb4+ 56. Kc2 Rb5 57. Ra7 Kb4 58. Ra8 a4
59. Kb2 c4 60. Rc8 a3+ 61. Ka2 c3 62. Kb1 Kb3 63. Rc7 Rb4 64. Rc8 a2+ 65. Ka1
c2 66. Rc7 Rc4 67. Rb7+ Kc3 68. Rb3+ Kd2 69. Rb2 Kd1 0-1

[Event "Arad PAB Romania Open 2012"]
[Site "Arad"]
[Date "2012.07.29"]
[Round "4.18"]
[White "Jugaru, Lucian"]
[Black "Chereches, Marius"]
[Result "0-1"]
[WhiteElo "1998"]
[BlackElo "2273"]
[PlyCount "72"]
[EventDate "2012.??.??"]

1. Nf3 c5 2. g3 Nc6 3. Bg2 e5 4. d3 g6 5. a4 Bg7 6. O-O Nge7 7. e4 O-O 8. c3 d6
9. Na3 h6 10. Nc4 Be6 11. Nfd2 Rc8 12. Ne3 d5 13. Re1 d4 14. cxd4 Nxd4 15. Ndc4
Nec6 16. Nd5 f5 17. f4 fxe4 18. dxe4 exf4 19. Bxf4 Nb4 20. Nxb4 cxb4 21. Nd6 g5
22. Nxb7 Qe7 23. Be3 Nb3 24. Qd6 Qxd6 25. Nxd6 Nxa1 26. Nxc8 Nc2 27. Ne7+ Kf7
28. Rf1+ Kxe7 29. Bc5+ Ke8 30. Bxf8 Bxf8 31. Rf6 Ke7 32. Rf2 b3 33. Bf1 Bg7 34.
Rd2 Bxb2 35. Bd3 Ne1 36. Be2 Bc8 0-1

[Event "Arad PAB Romania Open 2012"]
[Site "Arad"]
[Date "2012.07.28"]
[Round "2.23"]
[White "Jugaru, Lucian"]
[Black "Bonte, Andrei-Mihai"]
[Result "0-1"]
[WhiteElo "1998"]
[BlackElo "2310"]
[PlyCount "102"]
[EventDate "2012.??.??"]

1. Nf3 d5 2. d3 Bg4 3. Nbd2 Nd7 4. h3 Bh5 5. g4 Bg6 6. Nh4 e6 7. Nxg6 hxg6 8.
Bg2 Bd6 9. e4 Ne7 10. Qe2 c6 11. Nf3 Qc7 12. d4 Bf4 13. Bxf4 Qxf4 14. e5 c5 15.
Qe3 Qh6 16. Qxh6 Rxh6 17. dxc5 Nc6 18. O-O-O Nxc5 19. Nd4 Nxe5 20. Rhe1 Nc6 21.
Nxc6 bxc6 22. b4 Na4 23. Rd3 g5 24. c4 Rf6 25. Re2 Rf4 26. cxd5 cxd5 27. Bxd5
Rc8+ 28. Kd2 Rxb4 29. Bb3 Nc5 30. Rc3 Nxb3+ 31. axb3 Rd4+ 32. Kc2 Rcd8 33. Rc7
R8d7 34. Rxd7 Kxd7 35. Kc3 Rd5 36. Ra2 a5 37. Re2 Kc6 38. Re3 Kd6 39. Rf3 f6
40. Re3 Rd1 41. Kc4 Rd5 42. Kc3 e5 43. Re4 Kc5 44. Rc4+ Kb5 45. b4 axb4+ 46.
Rxb4+ Kc5 47. Rb8 Rd4 48. Rc8+ Kd5 49. f3 Ke6 50. Rh8 Rf4 51. Kd2 Rxf3 0-1

[Event "#2"]
[Site "?"]
[Date "2012.06.30"]
[Round "9.7"]
[White "Vasile, Claudiu Daniel"]
[Black "Jugaru, Lucian"]
[Result "1/2-1/2"]
[WhiteElo "2087"]
[BlackElo "1998"]
[PlyCount "71"]
[EventDate "2012.??.??"]

1. e4 c5 2. Nf3 d6 3. d4 cxd4 4. Nxd4 Nf6 5. Nc3 a6 6. Bg5 Nbd7 7. Bc4 e6 8.
Bb3 b5 9. O-O Bb7 10. Re1 Nc5 11. Qd2 Be7 12. Bxf6 Bxf6 13. Rad1 Qb6 14. Qe3
O-O 15. f4 Qc7 16. f5 b4 17. Na4 e5 18. Nf3 Nxe4 19. Nb6 Rab8 20. Nd5 Bxd5 21.
Bxd5 Nc5 22. g4 Nd7 23. g5 Bd8 24. Be4 Qb6 25. Kg2 Qxe3 26. Rxe3 Bb6 27. Re2
Bc5 28. Nd2 Bd4 29. Nb3 Bxb2 30. Rxd6 Nb6 31. Bd3 Rfd8 32. Rxd8+ Rxd8 33. Bxa6
Nd5 34. Kf3 Nf4 35. Rd2 e4+ 36. Kxe4 1/2-1/2

[Event "#1"]
[Site "Cap Aurora"]
[Date "2012.06.28"]
[Round "7.10"]
[White "Stanca, Adrian"]
[Black "Jugaru, Lucian"]
[Result "1/2-1/2"]
[WhiteElo "2227"]
[BlackElo "1998"]
[PlyCount "39"]
[EventDate "2012.??.??"]

1. e4 c5 2. Nf3 d6 3. Bb5+ Nd7 4. O-O a6 5. Bc4 Ngf6 6. d3 b5 7. Bb3 Bb7 8. c3
Qc7 9. Nbd2 d5 10. Re1 dxe4 11. dxe4 c4 12. Bc2 e5 13. Qe2 Bc5 14. b3 Rc8 15.
bxc4 bxc4 16. a4 O-O 17. Ba3 Bxa3 18. Rxa3 a5 19. Raa1 Ra8 20. Qd1 1/2-1/2

[Event "#1"]
[Site "Cap Aurora"]
[Date "2012.06.26"]
[Round "5.10"]
[White "Tomici, Stefan"]
[Black "Jugaru, Lucian"]
[Result "1-0"]
[WhiteElo "2147"]
[BlackElo "1998"]
[PlyCount "40"]
[EventDate "2012.??.??"]

1. e4 c5 2. c3 d5 3. exd5 Qxd5 4. d4 e6 5. Nf3 Nc6 6. Be3 cxd4 7. cxd4 Nf6 8.
Nc3 Bb4 9. Bd3 O-O 10. O-O Qa5 11. Qc2 Bxc3 12. bxc3 e5 13. Bg5 e4 14. Bxe4
Nxe4 15. Qxe4 Qxc3 16. d5 Nd8 17. Rfe1 f5 18. Qh4 Nf7 19. Be7 Re8 20. Bb4 Qxa1
1-0

[Event "CN Seniori 2011"]
[Site "Sarata Monteoru"]
[Date "2011.02.19"]
[Round "10.30"]
[White "Jugaru, Lucian"]
[Black "Bida, Mihai Eugen"]
[Result "1/2-1/2"]
[WhiteElo "1911"]
[BlackElo "2024"]
[PlyCount "58"]
[EventDate "2011.02.12"]

1. e4 c5 2. Nf3 Nc6 3. d3 g6 4. g3 Bg7 5. Bg2 e6 6. O-O Nge7 7. Nbd2 O-O 8. Re1
d5 9. exd5 exd5 10. d4 cxd4 11. Nb3 Bg4 12. h3 Bxf3 13. Qxf3 Nb4 14. Qe2 Nf5
15. a3 Nc6 16. Qb5 Nfe7 17. Bg5 a6 18. Bxe7 axb5 19. Bxd8 Rfxd8 20. Nc5 b6 21.
Nd3 Na5 22. Nb4 Rac8 23. Bxd5 Bf8 24. Be4 Nc4 25. Nd3 Nd2 26. Rac1 Re8 27. Bd5
Rxe1+ 28. Nxe1 Bh6 29. Rd1 Nc4 1/2-1/2